000 00343nam a2200121Ia 4500
003 GCL
008 140319s9999 xx 000 0 ara d
040 _aGCL /
_cGCL
082 0 4 _aط
_b530.03
_bس م
245 1 0 _aمعجم الفيزياء المصور انجليزى - عربى
260 _a[S.N] :
_bاكاديميا ،
_c1993
300 _a125 ص
999 _c59576
_d59576